Annuario 2001 ricerche e attivita

Guardado en:
Detalles Bibliográficos
Otros Autores: Angeli, Franco
Formato: Libro
Lenguaje:italiano
Publicado: Roma Istituto Nazionale per la Valutazione del Sistema dell'Istruzione (Cede) 2001
Materias:
Etiquetas: Agregar Etiqueta
Sin Etiquetas, Sea el primero en etiquetar este registro!

MARC

LEADER 00000nam a2200000 4500
001 c129653
005 20240104114537.0
041 0 |a ita 
044 |a IT 
245 1 0 |a Annuario 2001  |b ricerche e attivita  |c [spracovateľ: Franco Angeli] 
264 1 |a Roma  |b Istituto Nazionale per la Valutazione del Sistema dell'Istruzione (Cede)  |c 2001 
300 |a 334 s. 
610 2 0 |a vzdelanie 
610 2 0 |a vzdelávanie 
610 2 0 |a projekty 
610 2 0 |a výskum 
610 2 0 |a školy 
610 2 0 |a školstvo 
610 2 0 |a Taliansko 
700 1 |a Angeli, Franco